00402cam a22001217a 4500008004000000082002000040100002000060245006900080260002400149300001000173650004800183650004900231180718b1984 xxu||||| |||| 00| 0 eng d aBA27x5441 Sh13e aShah, Ghanshyam aEconomic differentiations and tribal identitycby Ghanshyam Shah aDelhibAjantac1984 a152p. aChaudri (Indic people) --Social conditions. aChaudri (Indic people) --Economic conditions